Género en el poder? el Chile de Michelle Bachelet

I tiakina i:
Ngā taipitopito rārangi puna kōrero
Kaituhi matua: Valdés E., Teresa (Author)
Hōputu: Pukapuka
Reo:Pāniora
I whakaputaina: Santiago CEDEM 2010
Ngā marau:
Ngā Tūtohu: Tāpirihia he Tūtohu
Kāore He Tūtohu, Me noho koe te mea tuatahi ki te tūtohu i tēnei pūkete!

MARC

LEADER 00000nam a2200000 a 4500
001 UCG4044
003 CL-VaPUC
008 101004e20100000CL |||||||||||||||||spa|d
020 |a 9789567236244 
082 0 4 |a 320.983  |b VAL  |2 21 
100 0 |a Valdés E., Teresa  |e author  |9 553374 
245 1 0 |a Género en el poder? el Chile de Michelle Bachelet 
300 |a 249 p 
942 |c BK 
945 |d 20101004 00:00:00  |a mfarfan 
260 |a Santiago  |b CEDEM  |c 2010 
600 0 |a Bachelet Jeria, Michelle  |9 521059 
650 0 |a Igualdad  |9 258477 
650 0 |a Poder político  |9 255509 
650 7 |a EQUIDAD  |2 CL-VaPUC  |9 256656 
650 0 |a Política y gobierno  |9 255151 
583 |a last modification  |c 20141217 03:26:05  |k Rodrigo Vera 
999 |c 342946  |d 342944 
952 |0 0  |1 0  |4 0  |6 320_983000000000000_VAL_2010  |7 0  |8 A  |9 439663  |a BIBHIS  |b BIBHIS  |d 2019-11-22  |i 4723090  |o 320.983 VAL 2010  |p 4723090  |r 2025-01-20  |w 2019-11-22  |y BK  |k HIS